Sociología del consumo literario.

Gardado en:
Detalles Bibliográficos
Autor Principal: Gastón Sanz, Enrique (autor)
Formato: Libro
Idioma:Lingua castelá
Publicado: Valparaíso, Chile: Ediciones Universitarias de Valparaíso, 1971.
Subjects:
Tags: Engadir etiqueta
Sen Etiquetas, Sexa o primeiro en etiquetar este rexistro!

MARC

LEADER 00000nam a2200000 a 4500
001 UCI0271
003 CL-VaPUC
005 20241121093124.0
008 070504t19710000CL |||||||||||||||||spa|d
999 |c 325509  |d 325507 
040 |c Pontificia Universidad Católica de Valparaíso 
082 0 4 |a 801.3 GAS 1971  |2 21 
100 |a Gastón Sanz, Enrique  |e autor  |9 509654 
245 1 0 |a Sociología del consumo literario. 
260 |a Valparaíso, Chile:  |b Ediciones Universitarias de Valparaíso,  |c 1971. 
300 |a 179 páginas. 
500 |a c.2: Donación. Memo EDU. 4-11-2024. 
583 |a last modification  |c 20130304 04:47:29  |k Rodrigo Vera 
650 0 |a Literatura contemporánea   |9 321959  |x Medios de comunicación de masas  |v Análisis relacional 
650 0 |a Literatura y sociedad   |9 265230  |x Recepción del mensaje literario 
650 0 |a Sociología de la literatura  |2 CL-VaPUC  |9 321948  |x Consumo, manipulación, etc.  
942 |c BK  |2 ddc 
945 |d 20070504 00:00:00  |a jtorresc 
952 |0 0  |1 0  |2 ddc  |4 0  |6 801_300000000000000_GAS_1971  |7 0  |8 A  |9 406488  |a FDOPOS  |b FDOPOS  |d 2019-11-22  |i 4269756  |o 801.3 GAS 1971  |p 4269756  |r 2025-01-22  |w 2019-11-22  |y BK  |k MLA 
952 |0 0  |1 0  |2 ddc  |4 0  |6 801_300000000000000_GAS_1971  |7 0  |8 A  |9 598142  |a BIBEDU  |b BIBEDU  |d 2024-11-20  |e Donación  |i 5663311  |o 801.3 GAS 1971  |p 5663311  |r 2025-01-22  |t 2  |w 2024-11-20  |y BK  |k EDU